[Event "Dundee & Angus Congress Major"]
[Site "?"]
[Date "2011.10.14"]
[Round "1"]
[White "Shafi, Paul"]
[Black "Harvey, Douglas"]
[Result "1-0"]
[WhiteElo "1558"]
[BlackElo "1276"]
[PlyCount "71"]

{128MB, Fritz9.ctg, CASTLEHILL} 1. d4 1... d5 2. Bf4 c5 3. e3 cxd4 4. exd4 Nf6
5. Nf3 Nc6 6. c3 e6 7. Nbd2 Bd6 8. Bxd6 Qxd6 9. Bd3 a6 10. O-O O-O 11. Re1 Re8
12. Ne5 Ne7 13. Qc2 Ng6 14. Ndf3 Bd7 15. Ng5 Rf8 16. Bxg6 fxg6 17. Nxd7 Qxd7
18. Nxe6 Rfe8 19. Nc5 Qc6 20. f3 b6 21. Nd3 Rac8 22. Qd2 Qd6 23. Ne5 b5 24.
Rad1 Qc7 25. Qg5 Qd6 26. Qf4 Qc7 27. Nd3 Qd7 28. Re5 Nh5 29. Qd2 Rxe5 30. Nxe5
Qd6 31. Re1 Kf8 32. Nd3 Nf6 33. Re3 a5 34. Qe2 Qd7 35. Nc5 Re8 36. Nb7 1-0

[Event "Dundee & Angus Congress Major"]
[Site "?"]
[Date "2011.10.15"]
[Round "2"]
[White "Cunningham, Jim"]
[Black "Shannon, Adam"]
[Result "1-0"]
[WhiteElo "1611"]
[BlackElo "1253"]
[PlyCount "51"]

{128MB, Fritz9.ctg, CASTLEHILL} 1. e4 1... e5 2. Nf3 Nc6 3. Bc4 Bc5 4. b4 Bxb4
5. c3 Bc5 6. d4 exd4 7. O-O dxc3 8. Bxf7+ Kxf7 9. Qd5+ Kf8 10. Qxc5+ d6 11.
Qxc3 Qf6 12. Ba3 Qxc3 13. Nxc3 Bg4 14. Nd2 Nd4 15. Rac1 Ne7 16. Rfe1 Nec6 17.
g3 h5 18. Nd5 Rc8 19. Nxc7 Ke7 20. e5 Kd7 21. exd6 g6 22. Ne4 Ne5 23. Nc5+ Kxd6
24. Nxb7+ Kd7 25. Rxe5 Rxc7 26. Re7+ 1-0

[Event "Dundee & Angus Congress Major"]
[Site "?"]
[Date "2011.10.15"]
[Round "2"]
[White "Rutherford, Kathleen"]
[Black "Babin, Andre"]
[Result "0-1"]
[WhiteElo "1336"]
[BlackElo "1633"]
[PlyCount "48"]

{128MB, Fritz9.ctg, CASTLEHILL} 1. e4 1... e6 2. d4 d5 3. exd5 exd5 4. Nf3 Bd6
5. Nc3 c6 6. Bd3 Bg4 7. h3 Bh5 8. g4 Bg6 9. Bxg6 hxg6 10. Qe2+ Qe7 11. Be3 Nd7
12. O-O-O O-O-O 13. Rde1 Re8 14. Qd3 Qd8 15. Re2 Ngf6 16. a4 Nxg4 17. Bd2 Rxe2
18. Qxe2 Nh6 19. Re1 Nf5 20. h4 Nxh4 21. Nxh4 Rxh4 22. Qe8 Qxe8 23. Rxe8+ Kc7
24. Bg5 Bf4+ 0-1

[Event "Dundee & Angus Congress Major"]
[Site "?"]
[Date "2011.10.15"]
[Round "2"]
[White "Atkins, Graham"]
[Black "Davidson, Eric"]
[Result "1-0"]
[WhiteElo "1471"]
[BlackElo "1685"]
[PlyCount "47"]

{128MB, Fritz9.ctg, CASTLEHILL} 1. e4 1... d5 2. exd5 Nf6 3. Nc3 e6 4. Bb5+ Bd7
5. dxe6 Bxb5 6. exf7+ Kxf7 7. Nxb5 Bc5 8. d4 Bb6 9. c3 Qe8+ 10. Qe2 Qc6 11. Nf3
Nbd7 12. O-O Rhe8 13. Be3 Nd5 14. Na3 Qg6 15. Nc4 Kg8 16. Nce5 Nxe5 17. Nxe5
Qe4 18. Rae1 c6 19. Qf3 Qh4 20. Qf7+ Kh8 21. Qxb7 Bc7 22. Qxc6 Bxe5 23. dxe5
Rad8 24. Bxa7 1-0

[Event "Dundee & Angus Congress Major"]
[Site "?"]
[Date "2011.10.15"]
[Round "2"]
[White "Andrews, Norman"]
[Black "Mitchell, Jeremy"]
[Result "1/2-1/2"]
[WhiteElo "1522"]
[BlackElo "1703"]
[PlyCount "62"]

{128MB, Fritz9.ctg, CASTLEHILL} 1. e4 1... c5 2. Nc3 Nc6 3. f4 e6 4. Nf3 d5 5.
Bb5 a6 6. Bxc6+ bxc6 7. O-O Bd6 8. d3 Ne7 9. Qe1 Ng6 10. f5 Ne5 11. Nxe5 Bxe5
12. exd5 Bd4+ 13. Kh1 cxd5 14. fxe6 Bxe6 15. Ne2 Bf6 16. Nf4 Qd6 17. Nxe6 fxe6
18. c3 O-O 19. Bf4 Qb6 20. Qe2 Rae8 21. Qc2 e5 22. Bg3 e4 23. dxe4 Rxe4 24.
Rae1 Rfe8 25. Qd2 d4 26. Rxe4 Rxe4 27. Qd3 Qe6 28. cxd4 Bxd4 29. Qf3 Qf6 30.
Qb3+ Qe6 31. Qf3 Qf6 1/2-1/2

[Event "Dundee & Angus Congress Major"]
[Site "?"]
[Date "2011.10.15"]
[Round "2"]
[White "MacQueen, Andrew"]
[Black "Pearson, Walter"]
[Result "1/2-1/2"]
[WhiteElo "1727"]
[BlackElo "1488"]
[PlyCount "67"]

{128MB, Fritz9.ctg, CASTLEHILL} 1. e4 1... e5 2. Nf3 Nc6 3. Bb5 a6 4. Ba4 Nf6
5. O-O Nxe4 6. Re1 b5 7. Bb3 d5 8. d3 Nf6 9. Nxe5 Nxe5 10. Rxe5+ Be6 11. Bg5 c6
12. Nd2 Bd6 13. Bxf6 Qxf6 14. Re3 O-O 15. c3 Bf4 16. Re1 Qh6 17. Nf1 Qg6 18.
Qf3 Qg4 19. Bd1 Qxf3 20. Bxf3 Rfe8 21. Ne3 Bd7 22. g3 Bxe3 23. Rxe3 Rxe3 24.
fxe3 Re8 25. Kf2 Kf8 26. Re1 Ke7 27. e4 dxe4 28. Rxe4+ Kd6 29. Rxe8 Bxe8 30.
Ke3 f6 31. Be4 h6 32. b4 Bf7 33. a3 Be6 34. Bg6 1/2-1/2

[Event "Dundee & Angus Congress Major"]
[Site "?"]
[Date "2011.10.15"]
[Round "2"]
[White "Clinton, William"]
[Black "Pannwitz, Kai"]
[Result "1/2-1/2"]
[WhiteElo "1630"]
[BlackElo "1230"]
[PlyCount "70"]

{128MB, Fritz9.ctg, CASTLEHILL} 1. e4 1... c5 2. Nc3 a6 3. f4 e6 4. Nf3 Nc6 5.
a3 Qc7 6. g3 d6 7. Bg2 g6 8. d3 Bg7 9. Be3 Nge7 10. O-O Nd4 11. Rb1 Nec6 12.
Ne2 O-O 13. c3 Nxf3+ 14. Bxf3 e5 15. d4 exd4 16. cxd4 cxd4 17. Bf2 Qb6 18. Qd3
Be6 19. b4 f5 20. Rbd1 fxe4 21. Qxe4 Rfe8 22. Qd3 Bf5 23. Qc4+ Be6 24. Bd5 Bxd5
25. Qxd5+ Kh8 26. Nxd4 Nxd4 27. Bxd4 Bxd4+ 28. Qxd4+ Qxd4+ 29. Rxd4 Re6 30.
Rfd1 Rd8 31. Kf2 Kg7 32. Rc1 Re7 33. Kf3 Kf6 34. a4 Re6 35. Rd5 Rde8 1/2-1/2

[Event "Dundee & Angus Congress Major"]
[Site "?"]
[Date "2011.10.15"]
[Round "2"]
[White "Stewart, Alex"]
[Black "Flockhart, Hugh"]
[Result "1/2-1/2"]
[WhiteElo "1349"]
[BlackElo "1612"]
[PlyCount "56"]

{128MB, Fritz9.ctg, CASTLEHILL} 1. d4 1... Nf6 2. Nf3 g6 3. e3 Bg7 4. Bd3 O-O
5. O-O d5 6. Nbd2 b6 7. c3 Ba6 8. Qe2 Bxd3 9. Qxd3 c5 10. Re1 Nc6 11. e4 dxe4
12. Nxe4 cxd4 13. cxd4 Nd5 14. a3 Qd7 15. Be3 Rfe8 16. Rad1 Rac8 17. Qd2 Nxe3
18. Qxe3 Na5 19. Ne5 Qd5 20. Qf3 Rcd8 21. Qe2 f6 22. Nc3 Qe6 23. Nb5 fxe5 24.
Nc7 Qc4 25. Qxc4+ Nxc4 26. Nxe8 Rxe8 27. b3 Nxa3 28. dxe5 e6 1/2-1/2

[Event "Dundee & Angus Congress Major"]
[Site "?"]
[Date "2011.10.15"]
[Round "2"]
[White "Abdulla, Nihad"]
[Black "Smith, Stephen"]
[Result "1/2-1/2"]
[WhiteElo "1485"]
[BlackElo "1670"]
[PlyCount "77"]

{128MB, Fritz9.ctg, CASTLEHILL} 1. e4 1... e6 2. d4 d5 3. exd5 exd5 4. h3 Bd6
5. Nf3 Nf6 6. Bd3 Be6 7. Nc3 c6 8. Be3 Nbd7 9. Ng5 Qc7 10. Nxe6 fxe6 11. Qd2
O-O-O 12. O-O-O e5 13. dxe5 Nxe5 14. Bf5+ Kb8 15. Rhe1 Nc4 16. Qd3 Nxe3 17.
fxe3 g6 18. Bg4 Rhe8 19. Bf3 Qa5 20. Kb1 Bb4 21. Re2 Ne4 22. Bxe4 dxe4 23. Qc4
Bxc3 24. Rxd8+ Qxd8 25. bxc3 Qd1+ 26. Kb2 Rd8 27. Rf2 Qe1 28. Rf4 Qxe3 29. Qxe4
Qxe4 30. Rxe4 Kc7 31. h4 h5 32. c4 Rd6 33. Kc3 c5 34. g4 hxg4 35. Rxg4 b6 36.
Rg5 Rf6 37. h5 Rf3+ 38. Kb2 gxh5 39. Rxh5 1/2-1/2

[Event "Dundee & Angus Congress Major"]
[Site "?"]
[Date "2011.10.15"]
[Round "2"]
[White "Emery, Keith"]
[Black "Shafi, Paul"]
[Result "1-0"]
[WhiteElo "1704"]
[BlackElo "1558"]
[PlyCount "83"]

{128MB, Fritz9.ctg, CASTLEHILL} 1. e4 1... c5 2. Nf3 g6 3. Nc3 Bg7 4. b3 d6 5.
Bb5+ Bd7 6. Bxd7+ Nxd7 7. Bb2 Ngf6 8. Qe2 O-O 9. O-O a6 10. Rab1 b5 11. a4 b4
12. Nd1 Qc7 13. e5 dxe5 14. Nxe5 Nxe5 15. Qxe5 Qxe5 16. Bxe5 Ne4 17. Bf4 Rfd8
18. d3 Nc3 19. Nxc3 Bxc3 20. Rbd1 e6 21. Bd2 Bxd2 22. Rxd2 a5 23. Re1 Rd5 24.
Rde2 Rad8 25. f4 Kg7 26. Re5 Rxe5 27. Rxe5 Rd5 28. Kf2 Kf6 29. Re4 h5 30. Ke3
Kf5 31. g3 Kf6 32. d4 Kf5 33. Re5+ Rxe5+ 34. fxe5 cxd4+ 35. Kxd4 Kg4 36. c4
bxc3 37. Kxc3 Kf5 38. Kd4 f6 39. exf6 e5+ 40. Kc4 Kxf6 41. b4 e4 42. bxa5 1-0

[Event "Dundee & Angus Congress Major"]
[Site "?"]
[Date "2011.10.15"]
[Round "2"]
[White "Kerr, Robert"]
[Black "Monaghan, Mark"]
[Result "0-1"]
[WhiteElo "1464"]
[BlackElo "1705"]
[PlyCount "88"]

{128MB, Fritz9.ctg, CASTLEHILL} 1. d4 1... Nf6 2. Nf3 b6 3. Nc3 Bb7 4. Bf4 Nd5
5. Qd2 d6 6. O-O-O Nd7 7. e3 Nxf4 8. exf4 a5 9. Bc4 e6 10. Rhe1 Be7 11. d5 e5
12. fxe5 dxe5 13. Nxe5 Nxe5 14. Rxe5 O-O 15. Qe3 Bf6 16. Re4 a4 17. a3 Qc8 18.
Bb5 Ra5 19. Qd3 Bxc3 20. bxc3 Ba6 21. Bxa6 Rxa6 22. Rde1 Ra8 23. Re7 Qd8 24. c4
Qd6 25. g3 c6 26. h4 cxd5 27. cxd5 b5 28. Rb7 Rab8 29. Ree7 Rbd8 30. Kb2 Qf6+
31. Qc3 Qxf2 32. Rxb5 Rc8 33. Rc7 Rcd8 34. Rc4 Qe2 35. Qd3 Qe5+ 36. c3 Rfe8 37.
Rxa4 Qe1 38. Rg4 Qf2+ 39. Kb3 Re2 40. Qd4 Rb2+ 41. Kc4 Qe2+ 42. Qd3 Qxg4+ 43.
Qd4 Qe2+ 44. Qd3 Qxd3+ 0-1

[Event "Dundee & Angus Congress Major"]
[Site "?"]
[Date "2011.10.15"]
[Round "2"]
[White "Konarski, Jannic"]
[Black "Harkins, William"]
[Result "1/2-1/2"]
[WhiteElo "1681"]
[BlackElo "1494"]
[PlyCount "86"]

{128MB, Fritz9.ctg, CASTLEHILL} 1. d4 1... d5 2. Nf3 c6 3. e3 Nf6 4. Nbd2 e6 5.
Bd3 Be7 6. O-O O-O 7. Ne5 Nbd7 8. f4 Re8 9. Rf3 Nf8 10. Rh3 Ng6 11. g4 Nd7 12.
g5 f5 13. gxf6 Bxf6 14. Nxg6 hxg6 15. Bxg6 Nf8 16. Bxe8 Qxe8 17. Qh5 Qd8 18.
Nf1 Bd7 19. Bd2 Qb6 20. Bc3 Be8 21. Qe2 Bg6 22. Ng3 Re8 23. Rf1 c5 24. dxc5
Qxc5 25. Bxf6 gxf6 26. c3 Re7 27. Qd2 Rg7 28. Kf2 Qc8 29. Rh4 Nd7 30. Qd4 b6
31. Nh5 Bxh5 32. Rxh5 Kf7 33. Rh3 Nc5 34. Kf3 Ne4 35. Rg3 35... Rxg3+ {
[%emt 0:00:00]} 36. hxg3 Qh8 37. Kg2 Qh5 38. Qd1 Qg6 39. Rf3 Nd6 40. b3 Nf5 41.
Qh1 Ng7 42. Qd1 Nf5 43. Qh1 Ng7 1/2-1/2

[Event "Dundee & Angus Congress Major"]
[Site "?"]
[Date "2011.??.??"]
[Round "2"]
[White "Milton, Carl"]
[Black "Smith, John"]
[Result "1/2-1/2"]
[WhiteElo "1310"]
[BlackElo "1628"]
[PlyCount "112"]

1. d4 d5 2. c4 c6 3. Nc3 dxc4 4. e3 Bf5 5. Bxc4 e6 6. e4 Bg6 7. Nf3 Bb4 8. Qe2
Nf6 9. Bd3 h6 10. O-O O-O 11. Bf4 Bh5 12. Rad1 Nbd7 13. Bb1 g5 14. Bc1 Kg7 15.
Qd3 Bg6 16. Rfe1 Qc7 17. Qc4 Ba5 18. b4 b5 19. Qb3 Bb6 20. Bb2 Bh5 21. Ne2 a5
22. a3 a4 23. Qd3 Bg6 24. Ng3 Rad8 25. Qe2 Kg8 26. Rc1 Nh5 27. Nxh5 Bxh5 28.
Red1 Nb8 29. Ba1 Qf4 30. Qe3 Qxe3 31. fxe3 g4 32. Ne5 g3 33. Rd2 gxh2+ 34. Kxh2
Bc7 35. g4 Bxg4 36. Rg2 h5 37. d5 exd5 38. Kh1 Bxe5 39. Bxe5 dxe4 40. Rcg1 f5
41. Rh2 Kf7 42. Rf2 Ke6 43. Bd4 Kd7 44. Rgf1 Rg8 45. Ba2 Rg6 46. Bf7 Rd6 47.
Rh2 Bf3+ 48. Kg1 Rh6 49. Rd2 Ke7 50. Bc5+ Kxf7 51. Rxd8 Rg6+ 52. Kh2 Rg8 53.
Rxg8 Kxg8 54. Bd4 Kf7 55. Rg1 Bg4 56. Kg3 Nd7 1/2-1/2

[Event "Dundee & Angus Congress Major"]
[Site "?"]
[Date "2011.??.??"]
[Round "2"]
[White "MacDonald, Angus"]
[Black "Durno, Joy"]
[Result "0-1"]
[WhiteElo "1575"]
[BlackElo "1729"]
[PlyCount "100"]

1. d4 Nf6 2. Nf3 c5 3. d5 e6 4. c4 exd5 5. cxd5 d6 6. Nc3 g6 7. e4 Bg7 8. Bd3
O-O 9. Bf4 Bg4 10. h3 Bxf3 11. Qxf3 a6 12. O-O Ne8 13. a4 Nd7 14. Qg3 Ne5 15.
Bxe5 Bxe5 16. f4 Bd4+ 17. Kh1 Ng7 18. Be2 Qe7 19. Bf3 f5 20. Rfe1 Rae8 21. Re2
Qf6 22. Rae1 Bxc3 23. bxc3 fxe4 24. Rxe4 Rxe4 25. Rxe4 Qxc3 26. Qg5 Qf6 27.
Qxf6 Rxf6 28. g4 Kf8 29. Be2 Rf7 30. Kg2 Re7 31. Kf3 Rxe4 32. Kxe4 Ke7 33. h4
Ne8 34. f5 Nf6+ 35. Kf4 Nxd5+ 36. Kg5 gxf5 37. Kxf5 Nb4 38. g5 d5 39. Ke5 c4
40. Kd4 b5 41. Kc5 c3 42. Bd1 c2 43. Bxc2 Nxc2 44. axb5 axb5 45. Kxb5 Ne3 46.
Kc5 Ke6 47. h5 Nf5 48. Kb4 h6 49. gxh6 Nxh6 50. Kc3 Ke5 0-1

[Event "Dundee & Angus Congress Major"]
[Site "?"]
[Date "2011.??.??"]
[Round "2"]
[White "Aitchison, A. Keith"]
[Black "Morris, Ian"]
[Result "1/2-1/2"]
[WhiteElo "1640"]
[BlackElo "1431"]
[PlyCount "116"]

1. e4 c5 2. Nf3 e6 3. Nc3 a6 4. a4 Qc7 5. d4 cxd4 6. Nxd4 b6 7. Be3 Bb4 8. Qd2
Nf6 9. Bd3 Ng4 10. Nde2 Bb7 11. h3 Nxe3 12. Qxe3 d5 13. exd5 Bxd5 14. O-O Bxc3
15. Nxc3 Bb7 16. Rad1 O-O 17. Qg5 Nd7 18. Qe7 Rad8 19. Rd2 Rfe8 20. Qh4 g6 21.
Rfd1 Nf8 22. Be4 Rxd2 23. Rxd2 Qe5 24. Kf1 Bd5 25. Bxd5 exd5 26. Re2 Qb8 27.
Rxe8 Qxe8 28. Nxd5 Qe5 29. Nc3 Ne6 30. Qe4 Qg5 31. Qe3 Qd8 32. g3 Qd6 33. Kg2
Nc5 34. b3 Qc6+ 35. Qf3 Qe6 36. Nd5 Nd7 37. Nc7 Qd6 38. Nxa6 Ne5 39. Qe2 h5 40.
Nb4 Qc7 41. Nd3 Qc6+ 42. f3 f6 43. Nxe5 fxe5 44. Qc4+ Qxc4 45. bxc4 Kf7 46. Kf2
Ke6 47. h4 Kd6 48. Ke3 Kc5 49. Kd3 Kb4 50. c3+ Kxa4 51. c5 bxc5 52. Kc4 Ka3 53.
Kxc5 Kb3 54. Kd5 Kxc3 55. Kxe5 Kd3 56. Kf4 Ke2 57. g4 Kf2 58. gxh5 gxh5 1/2-1/2

[Event "Dundee & Angus Congress Major"]
[Site "?"]
[Date "2011.??.??"]
[Round "2"]
[White "Moore, Robin"]
[Black "Robertson, Jim"]
[Result "1/2-1/2"]
[WhiteElo "1725"]
[BlackElo "1479"]
[PlyCount "137"]

1. e4 c6 2. d4 d5 3. e5 Bf5 4. h4 Qb6 5. f4 Bd7 6. Nf3 e6 7. Nbd2 c5 8. c3 Nc6
9. Nb3 cxd4 10. Nfxd4 Nxd4 11. Qxd4 Qxd4 12. Nxd4 a6 13. Bd3 h5 14. O-O Nh6 15.
f5 Bc5 16. Bxh6 Rxh6 17. Kh2 Bb6 18. Rf3 Bc7 19. Re1 O-O-O 20. g3 exf5 21. Nxf5
Rb6 22. Rf2 Re8 23. Nxg7 Re7 24. Nxh5 Bxe5 25. Nf4 Re8 26. Rfe2 Bxf4 27. Rxe8+
Bxe8 28. Rxe8+ Kd7 29. Re2 Bd6 30. Kh3 Be7 31. g4 Rh6 32. Bf5+ Kd8 33. h5 a5
34. Rd2 Rd6 35. Kg3 b5 36. Kf4 b4 37. cxb4 axb4 38. Ke5 Ke8 39. Rxd5 Ra6 40.
Bb1 Bf6+ 41. Kf5 Bxb2 42. g5 Ra8 43. g6 fxg6+ 44. hxg6 Kf8 45. Rd7 Ra5+ 46. Ke4
Rg5 47. Ke3 Re5+ 48. Kd3 Rg5 49. Kc4 Bc3 50. Kb3 Ra5 51. Rc7 Ra6 52. Kc4 Ra5
53. Rf7+ Kg8 54. Kb3 Ra3+ 55. Kc4 Ra5 56. Rf2 Ra6 57. Kb5 Rd6 58. Be4 Rd8 59.
Ka4 Rd6 60. Kb3 Rd7 61. a4 Ra7 62. Bd5+ Kg7 63. Bf7 Rc7 64. Rf5 Ra7 65. Kc4
Rxa4 66. Rh5 Ra6 67. Rh7+ Kf8 68. Rh8+ Kg7 69. Rd8 1/2-1/2

[Event "Dundee & Angus Congress Major"]
[Site "?"]
[Date "2011.??.??"]
[Round "2"]
[White "Campbell, Kevin"]
[Black "Thacker, Stephen"]
[Result "1-0"]
[WhiteElo "1627"]
[BlackElo "1430"]
[PlyCount "43"]

1. e4 e6 2. d4 d5 3. e5 c5 4. c3 Nc6 5. Nf3 cxd4 6. cxd4 Bb4+ 7. Nc3 Nge7 8. a3
Bxc3+ 9. bxc3 a6 10. Bd3 h6 11. O-O g5 12. h3 Ng6 13. Nh2 Nce7 14. Bxg6 Nxg6
15. Ng4 Qc7 16. Nf6+ Kd8 17. Bd2 b5 18. a4 Bb7 19. axb5 axb5 20. Rxa8+ Bxa8 21.
Qa1 Ke7 22. Qa3+ 1-0

[Event "Dundee & Angus Congress Major"]
[Site "?"]
[Date "2011.10.15"]
[Round "3"]
[White "Van Mulken, Nanning"]
[Black "MacQueen, Andrew"]
[Result "1-0"]
[WhiteElo "1482"]
[BlackElo "1727"]
[PlyCount "55"]

{128MB, Fritz9.ctg, CASTLEHILL} 1. Nf3 1... g6 2. g3 Bg7 3. Bg2 Nc6 4. O-O d5
5. d3 Nf6 6. Nbd2 O-O 7. e4 Bg4 8. Re1 dxe4 9. dxe4 Qd7 10. Qe2 Nd4 11. Qc4
Nxf3+ 12. Nxf3 Be6 13. Qd4 Qb5 14. e5 c5 15. Qh4 Nd5 16. Ng5 h5 17. Nxe6 fxe6
18. c4 Qa5 19. Bg5 Nb4 20. Be4 Rf5 21. Bxf5 exf5 22. Re2 e6 23. Rd1 Nc6 24. Rd7
Nd4 25. Re3 Qd2 26. Kg2 Qxb2 27. Bh6 Bxe5 28. Qe7 1-0

[Event "Dundee & Angus Congress Major"]
[Site "?"]
[Date "2011.10.15"]
[Round "3"]
[White "Mitchell, Jeremy"]
[Black "Abdulla, Nihad"]
[Result "1-0"]
[WhiteElo "1703"]
[BlackElo "1485"]
[PlyCount "51"]

{128MB, Fritz9.ctg, CASTLEHILL} 1. e4 1... e5 2. Nf3 Nc6 3. Bb5 a6 4. Ba4 Nf6
5. O-O b5 6. Bb3 Bc5 7. c3 d6 8. d4 exd4 9. cxd4 Bb6 10. h3 O-O 11. Bg5 h6 12.
Bh4 g5 13. Bg3 Nxe4 14. Bd5 Nxg3 15. fxg3 Bb7 16. Kh1 Rb8 17. Qc2 Ne7 18. Bxb7
Rxb7 19. Nc3 Qd7 20. g4 Ng6 21. Ne4 Kg7 22. Nf6 Qe6 23. Nh5+ Kh8 24. Rae1 Qxa2
25. Qf5 Kh7 26. Qf6 1-0

[Event "Dundee & Angus Congress Major"]
[Site "?"]
[Date "2011.10.15"]
[Round "3"]
[White "Harkins, William"]
[Black "Campbell, Kevin"]
[Result "1/2-1/2"]
[WhiteElo "1494"]
[BlackElo "1627"]
[PlyCount "48"]

{128MB, Fritz9.ctg, CASTLEHILL} 1. d4 1... Nf6 2. Nf3 g6 3. c4 Bg7 4. Nc3 O-O
5. e4 d6 6. Be2 Re8 7. Be3 Bg4 8. h3 Bxf3 9. Bxf3 e5 10. Qd2 exd4 11. Bxd4 Nc6
12. Be3 Ne5 13. Be2 a5 14. f4 Nc6 15. Bf3 a4 16. a3 Na5 17. Qd3 Nb3 18. Rd1 Nc5
19. Bxc5 dxc5 20. Qc2 Qe7 21. O-O Bh6 22. g3 c6 23. e5 Nd7 24. Nxa4 f6 1/2-1/2

[Event "Dundee & Angus Congress Major"]
[Site "?"]
[Date "2011.10.15"]
[Round "3"]
[White "Smith, Stephen"]
[Black "Milton, Carl"]
[Result "1-0"]
[WhiteElo "1670"]
[BlackElo "1310"]
[PlyCount "42"]

{128MB, Fritz9.ctg, CASTLEHILL} 1. e4 1... c5 2. Nf3 d6 3. d4 cxd4 4. Nxd4 Nf6
5. Nc3 g6 6. Be3 Bg7 7. Be2 O-O 8. O-O Nc6 9. Nb3 Bd7 10. f4 Qc7 11. g4 Rad8
12. g5 Ne8 13. f5 a6 14. Nd5 Qc8 15. f6 exf6 16. gxf6 Bh8 17. Ne7+ Nxe7 18.
fxe7 Nc7 19. exf8=Q+ Rxf8 20. Qxd6 Rd8 21. Rad1 Bxb2 1-0

[Event "Dundee & Angus Congress Major"]
[Site "?"]
[Date "2011.10.15"]
[Round "3"]
[White "Emery, Keith"]
[Black "Durno, Joy"]
[Result "0-1"]
[WhiteElo "1704"]
[BlackElo "1729"]
[PlyCount "60"]

{128MB, Fritz9.ctg, CASTLEHILL} 1. d4 1... Nf6 2. c4 g6 3. g3 Bg7 4. Bg2 O-O 5.
Nc3 d6 6. Nf3 Nbd7 7. O-O e5 8. e4 exd4 9. Nxd4 Ne5 10. Qe2 Bd7 11. h3 Qc8 12.
Kh2 Nfg4+ 13. hxg4 Nxg4+ 14. Kh1 Bxd4 15. f3 Nf6 16. Nd5 Nxd5 17. cxd5 Bh3 18.
Be3 Bxg2+ 19. Kxg2 Bxe3 20. Qxe3 f5 21. exf5 Qxf5 22. Qb3 Rae8 23. Rae1 Rxe1
24. Rxe1 b6 25. Re7 Rf7 26. Re8+ Kg7 27. Qc3+ Qf6 28. Qd2 Qxf3+ 29. Kh3 Qf1+
30. Kh4 Qh1+ 0-1

[Event "Dundee & Angus Congress Major"]
[Site "?"]
[Date "2011.10.15"]
[Round "3"]
[White "Howie, Colin"]
[Black "Andrews, Norman"]
[Result "0-1"]
[WhiteElo "1211"]
[BlackElo "1522"]
[PlyCount "56"]

{128MB, Fritz9.ctg, CASTLEHILL} 1. e4 1... c5 2. Nf3 g6 3. d4 cxd4 4. Nxd4 Nc6
5. Be3 Bg7 6. Nc3 Nf6 7. Bc4 O-O 8. O-O d6 9. Re1 Ng4 10. Nxc6 bxc6 11. h3 Nxe3
12. Rxe3 e6 13. Qf3 d5 14. Rd1 Qc7 15. exd5 cxd5 16. Ree1 Qxc4 17. Qd3 Qxd3 18.
Rxd3 Ba6 19. Rf3 Rab8 20. b3 Rbc8 21. Na4 Rxc2 22. Rfe3 Bd4 23. Rf3 Rxa2 24.
Rd1 Ra1 25. Rxa1 Bxa1 26. Nc5 Bb5 27. b4 d4 28. Kh2 Rd8 0-1

[Event "Dundee & Angus Congress Major"]
[Site "?"]
[Date "2011.10.15"]
[Round "3"]
[White "Pannwitz, Kai"]
[Black "Cunningham, Jim"]
[Result "1-0"]
[WhiteElo "1230"]
[BlackElo "1611"]
[PlyCount "79"]

{128MB, Fritz9.ctg, CASTLEHILL} 1. Nf3 1... d6 2. c4 Nf6 3. g3 g6 4. Bg2 c5 5.
d4 Bg7 6. dxc5 Qa5+ 7. Bd2 Qxc5 8. Qb3 Nc6 9. Be3 Qb4+ 10. Qxb4 Nxb4 11. Na3 a6
12. O-O O-O 13. Rfd1 Rb8 14. Bd4 Nc6 15. Bc3 Bf5 16. Nd4 Nxd4 17. Bxd4 Rfc8 18.
Ba7 Ra8 19. Bd4 Rab8 20. Rac1 b6 21. b3 Bd7 22. Nc2 a5 23. Ne3 b5 24. Ba7 Ra8
25. Bxa8 Rxa8 26. Bd4 b4 27. Nd5 e5 28. Nxf6+ Bxf6 29. Bb6 Be7 30. Bc7 Ra6 31.
c5 Bg5 32. e3 Bg4 33. Rxd6 Rxd6 34. Bxd6 Bd8 35. c6 Bb6 36. c7 Bc8 37. Bxe5 Kf8
38. Rd1 Ke7 39. Rd8 Bxc7 40. Bxc7 1-0

[Event "Dundee & Angus Congress Major"]
[Site "?"]
[Date "2011.10.15"]
[Round "3"]
[White "Babin, Andre"]
[Black "Clinton, William"]
[Result "1/2-1/2"]
[WhiteElo "1633"]
[BlackElo "1630"]
[PlyCount "94"]

{128MB, Fritz9.ctg, CASTLEHILL} 1. e4 1... d5 2. exd5 Nf6 3. d4 Bg4 4. Bb5+
Nbd7 5. f3 Bf5 6. c4 a6 7. Ba4 b5 8. cxb5 Nxd5 9. Ne2 e6 10. O-O Bd6 11. Nbc3
O-O 12. Ne4 N7b6 13. Nxd6 Qxd6 14. bxa6 Nxa4 15. Qxa4 Rxa6 16. Qd1 Rb8 17. Nc3
Nb4 18. Ne4 Qd5 19. Re1 Nxa2 20. Bf4 Rxb2 21. Bxc7 Rc6 22. Rb1 Rxb1 23. Qxb1
Qxd4+ 24. Kh1 h6 25. Qxa2 Rxc7 26. Qf2 Qxf2 27. Nxf2 g5 28. Kg1 Kg7 29. Nd1 Rc1
30. Kf2 Bc2 31. Ne3 Rxe1 32. Kxe1 Bb3 33. Kf2 f5 34. h3 Kf6 35. Nf1 h5 36. Nd2
Bd5 37. Nf1 e5 38. g3 e4 39. fxe4 fxe4 40. h4 gxh4 41. gxh4 Kf5 42. Kg3 Ke5 43.
Ne3 Bc6 44. Ng2 Bd7 45. Ne3 Kd4 46. Kf4 Kd3 47. Nd1 Bg4 1/2-1/2

[Event "Dundee & Angus Congress Major"]
[Site "?"]
[Date "2011.??.??"]
[Round "3"]
[White "Smith, John"]
[Black "Atkins, Graham"]
[Result "1-0"]
[WhiteElo "1628"]
[BlackElo "1471"]
[PlyCount "113"]

1. e4 g6 2. d4 Bg7 3. c3 d6 4. Bd3 Nc6 5. h3 e5 6. d5 Nce7 7. f4 f5 8. Nf3 fxe4
9. Bxe4 Nf6 10. Qd3 Nxe4 11. Qxe4 Bf5 12. Qc4 Qd7 13. Be3 b5 14. Qb3 Be4 15.
Nbd2 Bxd5 16. Qc2 Nf5 17. Bf2 exf4 18. O-O O-O 19. Qd3 c6 20. Rae1 Rae8 21. b3
Ne3 22. Bxe3 fxe3 23. Rxe3 Rxe3 24. Qxe3 Re8 25. Qd3 Qd8 26. Re1 Rxe1+ 27. Nxe1
Qg5 28. Nef3 Bxf3 29. Nxf3 Qc5+ 30. Kh1 Bxc3 31. Qe4 Be5 32. Qg4 Qc1+ 33. Ng1
Qf4 34. Qe6+ Kg7 35. Qe7+ Kh6 36. Nf3 a5 37. Qd8 a4 38. bxa4 bxa4 39. Qe7 c5
40. Qd8 c4 41. Qc8 c3 42. a3 d5 43. Qc5 d4 44. Qxe5 Qxe5 45. Nxe5 c2 46. Nd3
Kg5 47. Kg1 Kf5 48. Kf2 Ke4 49. Ke2 Kd5 50. Kd2 Kc4 51. Kxc2 h5 52. Ne5+ Kd5
53. Nxg6 Ke4 54. Kd2 d3 55. g4 hxg4 56. hxg4 Kd4 57. Nf4 1-0

[Event "Dundee & Angus Congress Major"]
[Site "?"]
[Date "2011.??.??"]
[Round "3"]
[White "Cassidy, Bernard"]
[Black "Moore, Robin"]
[Result "1/2-1/2"]
[WhiteElo "1438"]
[BlackElo "1725"]
[PlyCount "109"]

1. e4 c5 2. Nc3 Nc6 3. Bc4 g6 4. Nf3 Bg7 5. d3 e5 6. Ng5 Nh6 7. Qf3 O-O 8. Nb5
d6 9. h3 a6 10. Nc3 Nd4 11. Qd1 b5 12. Bd5 Ra7 13. Ne2 Ne6 14. Bxe6 Bxe6 15.
Nxe6 fxe6 16. O-O Raf7 17. Ng3 d5 18. Qe2 d4 19. Bd2 Qb6 20. Qe1 b4 21. Qc1 Rf4
22. Bxf4 exf4 23. Nh1 Qd6 24. f3 Nf7 25. Qe1 g5 26. Rd1 Nh8 27. Rd2 Ng6 28. g3
Be5 29. g4 Kg7 30. Rh2 Nh4 31. Re2 Rh8 32. Qd2 h5 33. Rh2 hxg4 34. hxg4 a5 35.
Rh3 a4 36. b3 axb3 37. axb3 Ra8 38. Rh2 Ra1 39. Rhf2 Ra2 40. Re2 Qa6 41. Ree1
Qa3 42. Rb1 Kf6 43. Kf2 Qa8 44. Kg1 Qh8 45. Qe2 Ng6 46. Rf2 Bc7 47. Qf1 Qa8 48.
Rd2 Qb7 49. Ra1 Ra8 50. Rxa8 Qxa8 51. Qb1 Qh8 52. Rh2 Nh4 53. Qf1 Qa8 54. Rf2
Qa3 55. Qb1 1/2-1/2

[Event "Dundee & Angus Congress Major"]
[Site "?"]
[Date "2011.??.??"]
[Round "3"]
[White "Flockhart, Hugh"]
[Black "Sawaryn, Steve"]
[Result "1-0"]
[WhiteElo "1612"]
[BlackElo "1365"]
[PlyCount "114"]

1. e4 c5 2. Nf3 d6 3. c3 Nf6 4. h3 Nxe4 5. Qa4+ Bd7 6. Qxe4 Bc6 7. Qe3 e6 8. d4
Be7 9. Bd3 Nd7 10. O-O Qc7 11. Na3 a6 12. b4 b5 13. Re1 c4 14. Bf1 Nf6 15. Bd2
Nd5 16. Qe2 O-O-O 17. Nc2 Kb7 18. a4 Ra8 19. axb5 axb5 20. g3 Bf6 21. Bg2 h6
22. Ne3 Rxa1 23. Rxa1 Ra8 24. Qd1 Kc8 25. Nxd5 Bxd5 26. Ne1 Qb7 27. Rxa8+ Qxa8
28. Bxd5 Qxd5 29. Qf3 Qxf3 30. Nxf3 Kd7 31. Kf1 Kc6 32. Ke2 Kd5 33. h4 Be7 34.
Ng1 e5 35. dxe5 dxe5 36. f3 f6 37. Ke3 Bd8 38. Nh3 g5 39. hxg5 hxg5 40. Nf2
Bb6+ 41. Ke2 Bd8 42. g4 Be7 43. Ne4 Ke6 44. Be3 Kd5 45. Bc5 Bd8 46. Ke3 Ke6 47.
Ba7 Kd5 48. Ng3 Be7 49. Nf5 Bd8 50. Bc5 Ke6 51. Ke4 Bc7 52. Ng3 Bb8 53. Nf1 Bc7
54. Ne3 Bb8 55. Nd5 Kf7 56. Kf5 e4 57. Kxe4 Be5 1-0